[Event "Ct. Girona indiv. Absolut"]
[Site "Girona"]
[Date "2013.11.17"]
[Round "7"]
[White "Nadal Rebarter, J."]
[Black "Serra Canals, O."]
[Result "0-1"]
[WhiteElo "1528"]
[BlackElo "1877"]
[PlyCount "100"]
[EventDate "2013.??.??"]
[EventType "swiss"]
[EventRounds "9"]

1. e4 e6 2. d4 d5 3. e5 c5 4. c3 Qb6 5. Nf3 Bd7 6. Be2 Bb5 7. O-O Bxe2 8. Qxe2
cxd4 9. cxd4 Ne7 10. Nbd2 Nec6 11. Nb3 Be7 12. Bf4 Nd7 13. Rac1 O-O 14. Qe3 a5
15. Qc3 a4 16. Nc5 Nxc5 17. dxc5 Qb4 18. Be3 Ra5 19. Qxb4 Nxb4 20. Bd2 Rb5 21.
Nd4 Rxc5 22. Bxb4 Rxc1 23. Bxe7 Rxf1+ 24. Kxf1 Rc8 25. Ke2 Rc4 26. Kd3 Rc1 27.
b3 Rd1+ 28. Ke3 axb3 29. axb3 Re1+ 30. Ne2 d4+ 31. Kd2 Rf1 32. f3 Rf2 33. Bc5
Rxg2 34. h4 Rh2 35. Be7 Rf2 36. b4 f6 37. f4 Kf7 38. Bd6 Rh2 39. Kd3 Rxh4 40.
Kxd4 g5 41. exf6 Kxf6 42. Kc5 gxf4 43. Nxf4 e5 44. Nd5+ Ke6 45. Nc7+ Kd7 46.
Bxe5 Rh5 47. Kb6 Rxe5 48. Kxb7 h5 49. Na6 Rb5+ 50. Ka7 h4 0-1

[Event "Ct. Girona indiv. Absolut"]
[Site "Girona"]
[Date "2013.11.17"]
[Round "7"]
[White "Perez Lopez, A."]
[Black "Lillo Castany, V."]
[Result "0-1"]
[WhiteElo "1796"]
[BlackElo "2324"]
[PlyCount "86"]
[EventDate "2013.??.??"]
[EventType "swiss"]
[EventRounds "9"]

1. c4 e5 2. Nc3 Nf6 3. g3 d5 4. cxd5 Nxd5 5. Bg2 Nb6 6. d3 Be7 7. Nf3 Nc6 8.
O-O O-O 9. Bd2 Bg4 10. Rc1 f5 11. a3 Kh8 12. Be3 Bf6 13. Qb3 Re8 14. Rfd1 Nd4
15. Qa2 Qd7 16. b4 Nxf3+ 17. Bxf3 Bxf3 18. exf3 Re6 19. Nb5 Rc6 20. Nc3 Rd6 21.
Qc2 Rd8 22. a4 c6 23. a5 Nc8 24. Bc5 Rxd3 25. Kg2 b6 26. axb6 axb6 27. Be3 e4
28. fxe4 fxe4 29. Rxd3 exd3 30. Qb3 h6 31. h3 b5 32. Rd1 Ne7 33. Ne4 Nd5 34.
Bc5 Qf5 35. Nd6 Qe6 36. Rxd3 Rxd6 37. Bxd6 Qxd6 38. Qd1 Qxb4 39. Qe2 Qe7 40.
Qd1 Qe4+ 41. Kh2 b4 42. Rd2 Nc3 43. Qb3 c5 0-1

[Event "Ct. Girona indiv. Absolut"]
[Site "Girona"]
[Date "2013.11.17"]
[Round "7"]
[White "Pruja Ramirez de Cartagena, E."]
[Black "Alsina Franco, S."]
[Result "1/2-1/2"]
[WhiteElo "1811"]
[BlackElo "1935"]
[PlyCount "143"]
[EventDate "2013.??.??"]
[EventType "swiss"]
[EventRounds "9"]

1. e4 c6 2. d4 d5 3. e5 c5 4. c3 e6 5. Bd3 Nc6 6. Be3 cxd4 7. cxd4 Nge7 8. Nf3
Qb6 9. Nc3 Ng6 10. Qe2 Be7 11. O-O O-O 12. Ne1 f5 13. f4 Bb4 14. Nc2 Bd7 15. a3
Bxc3 16. bxc3 Na5 17. c4 Ne7 18. cxd5 Nxd5 19. Nb4 Bc6 20. Nxd5 Bxd5 21. Rab1
Qd8 22. Bd2 Nc6 23. Qf2 Rf7 24. Rfc1 Rc8 25. Rc2 Rfc7 26. Rcb2 Qe7 27. a4 Qa3
28. Bc2 Ba2 29. Bb3 Bxb3 30. Rxb3 Qxa4 31. Rxb7 Rxb7 32. Rxb7 Qd1+ 33. Qe1
Qxe1+ 34. Bxe1 Nxd4 35. Rxa7 Ne2+ 36. Kf2 Nxf4 37. Kg3 Nd3 38. Ba5 Nxe5 39. Bb6
Ng6 40. h4 e5 41. h5 Rc3+ 42. Kh2 Nf8 43. Re7 Rc6 44. Bc7 Re6 45. Rxe6 Nxe6 46.
Bxe5 Kf7 47. Kg3 Nc5 48. Kf3 Nd7 49. Bd4 Nf6 50. Kf4 Ke6 51. Kg5 Ne4+ 52. Kf4
g5+ 53. hxg6 hxg6 54. Be3 g5+ 55. Kf3 Ke5 56. g3 g4+ 57. Kg2 Nc3 58. Bf4+ Ke4
59. Kf2 Nd5 60. Bc1 Kd3 61. Bg5 Nc3 62. Bf4 Nd1+ 63. Ke1 Ne3 64. Kf2 Nd5 65.
Bg5 Nc3 66. Bf4 Ne4+ 67. Ke1 Kd4 68. Ke2 Nc3+ 69. Kf2 Ke4 70. Bd2 Nd1+ 71. Ke2
Nb2 72. Bf4 1/2-1/2

[Event "Ct. Girona indiv. Absolut"]
[Site "Girona"]
[Date "2013.11.17"]
[Round "7"]
[White "Ruiz de Morales, J."]
[Black "Ramirez Garcia, L."]
[Result "0-1"]
[WhiteElo "1431"]
[BlackElo "1776"]
[PlyCount "36"]
[EventDate "2013.??.??"]
[EventType "swiss"]
[EventRounds "9"]

1. e4 e5 2. Nf3 Nc6 3. Bb5 a6 4. Bxc6 dxc6 5. O-O Bd6 6. d4 f6 7. c3 Be6 8. Be3
Ne7 9. Nbd2 O-O 10. dxe5 Bxe5 11. Nxe5 fxe5 12. Bg5 Qe8 13. Qc2 Ng6 14. Nf3 h6
15. Be3 Rxf3 16. gxf3 Nh4 17. Kh1 Qh5 18. Rac1 Qxf3+ 0-1

[Event "Ct. Girona indiv. Absolut"]
[Site "Girona"]
[Date "2013.11.17"]
[Round "7"]
[White "Salagran Ferragut, E."]
[Black "De Azua Arpi, R."]
[Result "1-0"]
[WhiteElo "1586"]
[BlackElo "1923"]
[PlyCount "34"]
[EventDate "2013.??.??"]
[EventType "swiss"]
[EventRounds "9"]

1. e4 e6 2. d4 d5 3. Nc3 Bb4 4. Qd3 dxe4 5. Qxe4 Nf6 6. Qh4 c5 7. dxc5 Bxc3+ 8.
bxc3 Qa5 9. Qb4 Qc7 10. Nf3 Nc6 11. Bb5 Bd7 12. Bxc6 Bxc6 13. Bf4 Qc8 14. Bd6
Bxf3 15. gxf3 Qc6 16. Rb1 O-O-O 17. Qa5 Qxf3 1-0

[Event "Ct. Girona indiv. Absolut"]
[Site "Girona"]
[Date "2013.11.17"]
[Round "7"]
[White "Salagran Ferragut, G."]
[Black "Mas Recorda, P."]
[Result "1/2-1/2"]
[WhiteElo "1995"]
[BlackElo "2032"]
[PlyCount "133"]
[EventDate "2013.??.??"]
[EventType "swiss"]
[EventRounds "9"]

1. e4 e6 2. d4 d5 3. Nc3 Nf6 4. e5 Nfd7 5. Nce2 c5 6. c3 Nc6 7. f4 cxd4 8. cxd4
f5 9. Nf3 Be7 10. Nc3 O-O 11. a3 Nb6 12. h4 Bd7 13. Be3 Rc8 14. Bd3 h5 15. Ng5
Qe8 16. Be2 g6 17. Rh3 Bxg5 18. hxg5 Ne7 19. Qb3 Ba4 20. Qa2 a6 21. Kf2 Kg7 22.
Rah1 Qf7 23. Rc1 Qe8 24. Rch1 Qf7 25. Rc1 Qe8 26. b3 Bd7 27. Qb2 Rh8 28. Bf3
Nc6 29. Ne2 Qe7 30. Ng3 Be8 31. Rhh1 Bf7 32. Rc3 Na7 33. Bd2 Rxc3 34. Bxc3 Nc6
35. Ne2 Rc8 36. Nc1 Nd7 37. Nd3 Qd8 38. Rc1 Qb6 39. Kg3 Qa7 40. Be2 Be8 41. Rd1
a5 42. b4 axb4 43. axb4 b6 44. Ra1 Qc7 45. Ra3 Ndb8 46. b5 Na7 47. Nc1 Qd7 48.
Rb3 Rc7 49. Bb4 Qc8 50. Rc3 Rxc3+ 51. Bxc3 Qd7 52. Qb4 Nxb5 53. Bxb5 Qxb5 54.
Qe7+ Bf7 55. Qf6+ Kg8 56. Qd8+ Qe8 57. Qxb6 Nd7 58. Qc6 Nb8 59. Qb7 Nd7 60. Qc7
Nf8 61. Bb4 Qd7 62. Qc5 Nh7 63. Kh2 Qa4 64. Qd6 Kg7 65. Nd3 Qb3 66. Nc5 Qe3 67.
Nxe6+ 1/2-1/2

[Event "Ct. Girona indiv. Absolut"]
[Site "Girona"]
[Date "2013.11.17"]
[Round "7"]
[White "Sanchez Luque, J."]
[Black "Alejo Alvarez, R."]
[Result "1/2-1/2"]
[WhiteElo "1895"]
[BlackElo "2005"]
[PlyCount "48"]
[EventDate "2013.??.??"]
[EventType "swiss"]
[EventRounds "9"]

1. e4 e5 2. Nf3 Nf6 3. Nc3 Bb4 4. Bc4 Nc6 5. d3 h6 6. O-O Bxc3 7. bxc3 O-O 8.
h3 d6 9. a4 Re8 10. Rb1 Na5 11. Nd2 Bd7 12. f4 Qe7 13. fxe5 Qxe5 14. d4 Qg3 15.
Rf3 Qh4 16. Bd3 Bc6 17. Rf5 Bxe4 18. Nxe4 Nxe4 19. Rf4 Qg3 20. Bxe4 d5 21. Rf3
Qh4 22. Rf4 Qg3 23. Rf3 Qh4 24. Rf4 Qg3 1/2-1/2

[Event "Ct. Girona indiv. Absolut"]
[Site "Girona"]
[Date "2013.11.17"]
[Round "7"]
[White "Triadu Cassa, J."]
[Black "Vidal Zamora, A."]
[Result "0-1"]
[WhiteElo "2173"]
[BlackElo "2182"]
[PlyCount "76"]
[EventDate "2013.??.??"]
[EventType "swiss"]
[EventRounds "9"]

1. e4 e6 2. d4 d5 3. Nc3 Bb4 4. e5 c5 5. a3 Bxc3+ 6. bxc3 Ne7 7. Nf3 Nbc6 8.
Bd3 Qc7 9. O-O c4 10. Be2 Bd7 11. a4 f6 12. Re1 fxe5 13. Nxe5 Nxe5 14. dxe5 O-O
15. Ba3 Rf7 16. a5 Nc6 17. Bd6 Qd8 18. g3 Nxa5 19. f4 b6 20. Bg4 g6 21. h4 Rg7
22. Kh2 Qc8 23. h5 Nc6 24. h6 Rf7 25. f5 Nd8 26. fxg6 hxg6 27. Rf1 Be8 28. Qd2
Qd7 29. Qg5 Kh7 30. Bf8 a5 31. Rad1 a4 32. Rxd5 Qxd5 33. Rf6 Rxf6 34. Qxf6 Ra7
35. Be7 Qd2+ 36. Kg1 Qc1+ 37. Kf2 Qxh6 38. Ke2 Rd7 0-1

[Event "Ct. Girona indiv. Absolut"]
[Site "Girona"]
[Date "2013.11.24"]
[Round "8"]
[White "Alejo Alvarez, R."]
[Black "Pruja Ramirez de Cartagena, E."]
[Result "0-1"]
[WhiteElo "2005"]
[BlackElo "1811"]
[PlyCount "86"]
[EventDate "2013.??.??"]
[EventType "swiss"]
[EventRounds "9"]

1. b3 d5 2. Bb2 Nf6 3. e3 e6 4. f4 Be7 5. Nf3 b6 6. Be2 Bb7 7. O-O O-O 8. Ne5
c5 9. d4 Nc6 10. Nd2 Qc7 11. Nxc6 Bxc6 12. a4 Rac8 13. Rc1 Rfd8 14. Ba6 Bb7 15.
Bxb7 Qxb7 16. Qe2 Qc6 17. c3 Ne4 18. Nxe4 dxe4 19. f5 Bf6 20. Qg4 exf5 21. Qxf5
Qd5 22. Qxd5 Rxd5 23. Rf4 Bg5 24. Rxe4 f5 25. Re6 Kf7 26. c4 Rxd4 27. Re5 Rd2
28. Bc3 Rd3 29. Kf2 Bf6 30. Rxf5 Kg6 31. Bxf6 Kxf5 32. Bxg7 Rxb3 33. h3 Rd8 34.
g4+ Ke4 35. Bh6 Rd2+ 36. Kg3 Rb4 37. a5 bxa5 38. h4 Rd3 39. h5 a4 40. Bf4 a3
41. Bh6 a2 42. Rf1 Rb1 43. Rf4+ Kxe3 0-1

[Event "Ct. Girona indiv. Absolut"]
[Site "Girona"]
[Date "2013.11.24"]
[Round "8"]
[White "Alsina Franco, S."]
[Black "Perez Lopez, A."]
[Result "1-0"]
[WhiteElo "1935"]
[BlackElo "1796"]
[PlyCount "103"]
[EventDate "2013.??.??"]
[EventType "swiss"]
[EventRounds "9"]

1. e4 d6 2. d4 Nf6 3. Nc3 g6 4. Nf3 Bg7 5. h3 O-O 6. Bf4 Nbd7 7. Bd3 c5 8. d5
a6 9. a4 Qc7 10. Qd2 Re8 11. O-O c4 12. Be2 Nh5 13. Bh2 Qc5 14. Kh1 Nf8 15. Ng5
Nf6 16. e5 dxe5 17. Bxe5 Bh6 18. f4 Bf5 19. Bd4 Qc7 20. Be5 Qc5 21. Bf3 Rad8
22. Rad1 Bg7 23. Nge4 Nxe4 24. Nxe4 Qb6 25. Bxg7 Kxg7 26. Qc3+ Kg8 27. Nd2 Rc8
28. Be4 Bd7 29. a5 Qd6 30. Nxc4 Qc5 31. b3 Bb5 32. Bd3 Red8 33. f5 Qxd5 34.
fxg6 hxg6 35. Bxg6 Qxd1 36. Bxf7+ Kh7 37. Rxd1 Rxd1+ 38. Kh2 Bxc4 39. bxc4 Rd6
40. Qf3 Rf6 41. Qh5+ Kg7 42. Qg4+ Kxf7 43. Qxc8 Ne6 44. Qxb7 Ng5 45. Qd5+ Ne6
46. c5 Kg7 47. c6 Nf4 48. Qg5+ Ng6 49. Qc5 Rf8 50. c7 Rc8 51. Qd4+ Kf7 52. Qd7
1-0

[Event "Ct. Girona indiv. Absolut"]
[Site "Girona"]
[Date "2013.11.24"]
[Round "8"]
[White "Aymerich Verdaguer, E."]
[Black "Salagran Ferragut, E."]
[Result "1/2-1/2"]
[WhiteElo "1980"]
[BlackElo "1586"]
[PlyCount "94"]
[EventDate "2013.??.??"]
[EventType "swiss"]
[EventRounds "9"]

1. d4 Nf6 2. c4 e6 3. Nc3 Bb4 4. Qc2 d5 5. e3 O-O 6. Nf3 b6 7. cxd5 Nxd5 8. Bd3
h6 9. O-O Bb7 10. e4 Nf6 11. a3 Be7 12. b4 Nc6 13. Ne2 a6 14. Bb2 Re8 15. Rac1
Bf8 16. Ne5 Ne7 17. Qxc7 Qxc7 18. Rxc7 Bxe4 19. Bxe4 Nxe4 20. Rfc1 f6 21. Nd7
Nd5 22. R7c6 b5 23. Nc5 Nd6 24. Nxa6 Nc4 25. Rc2 Rac8 26. Rxc8 Rxc8 27. Nc5 Kf7
28. Nd3 Ra8 29. Bc1 Nxa3 30. Ra2 Nxb4 31. Rxa3 Rxa3 32. Bxa3 Nxd3 33. Bxf8 Kxf8
34. Nc3 b4 35. Nb1 b3 36. Kf1 e5 37. Ke2 e4 38. Ke3 f5 39. f3 exf3 40. gxf3 Ne1
41. Ke2 Nc2 42. Kd3 Ne1+ 43. Ke2 Ng2 44. Kd3 Nf4+ 45. Kc3 Ne2+ 46. Kd3 Nf4+ 47.
Kc3 Ne2+ 1/2-1/2

[Event "Ct. Girona indiv. Absolut"]
[Site "Girona"]
[Date "2013.11.24"]
[Round "8"]
[White "Caballero Maytin, J."]
[Black "Alejo Alvarez, MA."]
[Result "1-0"]
[WhiteElo "1962"]
[BlackElo "1716"]
[PlyCount "153"]
[EventDate "2013.??.??"]
[EventType "swiss"]
[EventRounds "9"]

1. e4 e5 2. d4 exd4 3. Qxd4 Nc6 4. Qe3 g6 5. Bc4 Bg7 6. Nc3 Nf6 7. h4 Ne5 8.
Bb3 d6 9. Bd2 O-O 10. O-O-O Be6 11. Bxe6 fxe6 12. b3 Nfg4 13. Qh3 Nxf2 14.
Qxe6+ Rf7 15. Nh3 Nxd1 16. Nxd1 Qd7 17. Ng5 Qxe6 18. Nxe6 Re8 19. Ng5 Rd7 20.
h5 gxh5 21. Rxh5 Bf6 22. Ne3 Bxg5 23. Rxg5+ Rg7 24. Rh5 Nf7 25. Bc3 Rg6 26. Nd5
Ne5 27. Rf5 Kg7 28. Nxc7 Rc8 29. Nd5 Rxg2 30. Nf4 Rg1+ 31. Kb2 Rg4 32. Nh5+ Kg6
33. Nf4+ Rxf4 34. Rxf4 h5 35. Be1 Ng4 36. Bb4 Ne3 37. c4 Kg5 38. Bxd6 h4 39.
Rf3 Ng2 40. Rf7 Kg4 41. Rxb7 Kf3 42. e5 h3 43. Rh7 Nf4 44. e6 Nxe6 45. Rxh3+
Ke4 46. Rh5 Nd4 47. Bc5 Nc6 48. b4 Kd3 49. Kb3 Rb8 50. Rd5+ Ke4 51. Kc3 Rb7 52.
Rd1 Rh7 53. Re1+ Kf5 54. b5 Ne5 55. Bd6 Rh3+ 56. Kc2 Nxc4 57. Bc5 Nb6 58. Bxb6
axb6 59. Kb2 Rh2+ 60. Kb3 Rh3+ 61. Kc4 Ra3 62. Re2 Ra8 63. Kd5 Rc8 64. Rf2+ Kg5
65. a4 Rc5+ 66. Kd6 Rc4 67. Rf8 Rxa4 68. Kc6 Kg6 69. Kxb6 Kg7 70. Rf3 Rb4 71.
Kc6 Rb1 72. b6 Rc1+ 73. Kb7 Kg6 74. Kb8 Rb1 75. b7 Kg7 76. Rc3 Kf7 77. Kc7 1-0

[Event "Ct. Girona indiv. Absolut"]
[Site "Girona"]
[Date "2013.11.24"]
[Round "8"]
[White "De Azua Arpi, R."]
[Black "Granados Aguilera, C."]
[Result "1-0"]
[WhiteElo "1923"]
[BlackElo "1614"]
[PlyCount "61"]
[EventDate "2013.??.??"]
[EventType "swiss"]
[EventRounds "9"]

1. d4 Nf6 2. c4 e6 3. Nf3 Bb4+ 4. Bd2 Qe7 5. a3 Bxd2+ 6. Nbxd2 b6 7. e3 Bb7 8.
Bd3 d5 9. Rc1 c5 10. cxd5 exd5 11. dxc5 bxc5 12. Bb5+ Nbd7 13. O-O O-O 14. Qc2
Rfc8 15. Rfd1 a6 16. Bxd7 Nxd7 17. Qf5 Rab8 18. Rc3 g6 19. Qf4 Bc6 20. b3 a5
21. Rdc1 Rb5 22. h4 a4 23. b4 Rcb8 24. bxc5 Rb2 25. Nd4 Ba8 26. N2f3 Rb1 27.
Qc7 R1b7 28. Qa5 Ne5 29. Nxe5 Ra7 30. Nec6 Bxc6 31. Nxc6 1-0

[Event "Ct. Girona indiv. Absolut"]
[Site "Girona"]
[Date "2013.11.24"]
[Round "8"]
[White "Garcia Taberner, L."]
[Black "Kripakov, A."]
[Result "1-0"]
[WhiteElo "1963"]
[BlackElo "1797"]
[PlyCount "89"]
[EventDate "2013.??.??"]
[EventType "swiss"]
[EventRounds "9"]

1. e4 e5 2. Nf3 Nc6 3. Bc4 Bc5 4. c3 Nf6 5. d3 d6 6. a4 a5 7. O-O O-O 8. Nbd2
Be6 9. Qb3 Qd7 10. Bxe6 fxe6 11. Nc4 Ne7 12. Be3 Bxe3 13. Nxe3 h6 14. Rad1 c6
15. Nc4 Nc8 16. Ncxe5 dxe5 17. Nxe5 Qe8 18. Qxb7 Ne7 19. Qb3 Qc8 20. Nc4 Ng6
21. Qa3 Qc7 22. Qd6 Qxd6 23. Nxd6 e5 24. Nc4 Rfd8 25. g3 Kf7 26. f4 exf4 27.
gxf4 c5 28. Ne5+ Nxe5 29. fxe5 Rab8 30. Rd2 Ke6 31. exf6 gxf6 32. Rf5 c4 33. d4
Rg8+ 34. Kf2 Rg4 35. Kf3 Rh4 36. Rxa5 Rh3+ 37. Kg4 Rd3 38. Ra6+ Ke7 39. Rf2
Rg8+ 40. Kf4 h5 41. Ra7+ Ke6 42. d5+ Kd6 43. Kf5 Re3 44. Ra6+ Kc5 45. Rc6# 1-0

[Event "Ct. Girona indiv. Absolut"]
[Site "Girona"]
[Date "2013.11.24"]
[Round "8"]
[White "Gonzalez Escudero, J."]
[Black "Campo Echevarria, JF."]
[Result "0-1"]
[WhiteElo "1780"]
[BlackElo "2028"]
[PlyCount "138"]
[EventDate "2013.??.??"]
[EventType "swiss"]
[EventRounds "9"]

1. e4 c5 2. d4 cxd4 3. c3 g6 4. Nf3 Bg7 5. Bc4 e6 6. cxd4 d5 7. Bb5+ Bd7 8.
Bxd7+ Qxd7 9. e5 h6 10. Nc3 Ne7 11. O-O O-O 12. Be3 Nbc6 13. Qd2 Kh7 14. Ne2
Nf5 15. Ng3 Nxg3 16. hxg3 Rac8 17. Nh2 Qe7 18. a3 Qc7 19. Rac1 Qb6 20. Rc3 Na5
21. Nf3 Nc4 22. Qc1 Rc6 23. b3 Na5 24. Rxc6 Nxc6 25. Qb2 Rc8 26. Rc1 Ne7 27.
Rxc8 Nxc8 28. Qc3 Ne7 29. Nd2 Nc6 30. f4 f6 31. Nf3 Na5 32. Nd2 Nc6 33. Nf3 Kg8
34. Qd3 Kf7 35. Nh4 f5 36. g4 Bf8 37. gxf5 gxf5 38. b4 Be7 39. Nf3 a6 40. Bf2
Na7 41. Bh4 Qb5 42. Qb1 Qe2 43. Bxe7 Qe3+ 44. Kh1 Kxe7 45. Qc2 Nc6 46. Qc5+ Kf7
47. b5 axb5 48. Qxb5 Qc1+ 49. Ng1 Qxa3 50. Qxb7+ Ne7 51. Qb5 Qc1 52. Qe2 Qxf4
53. Qh5+ Kg7 54. Nf3 Ng6 55. Kg1 Qg3 56. Qh2 Qg4 57. Kf2 h5 58. Qg1 Nf4 59. Qh2
Ng6 60. Kg1 Kh6 61. Kf2 Nf4 62. Kg1 Ne2+ 63. Kf1 Nxd4 64. Nxd4 Qxd4 65. Qg3 Qg4
66. Qe3+ f4 67. Qb6 Kg5 68. Qd8+ Kf5 69. Qf6+ Ke4 0-1

[Event "Ct. Girona indiv. Absolut"]
[Site "Girona"]
[Date "2013.11.24"]
[Round "8"]
[White "Lillo Castany, V."]
[Black "Pinsach Gelabert, A."]
[Result "1-0"]
[WhiteElo "2324"]
[BlackElo "2102"]
[PlyCount "59"]
[EventDate "2013.??.??"]
[EventType "swiss"]
[EventRounds "9"]

1. e4 e5 2. Nf3 Nc6 3. Bc4 Nf6 4. d3 Be7 5. O-O O-O 6. Re1 d6 7. a4 h6 8. a5 a6
9. Nc3 Bg4 10. h3 Bxf3 11. Qxf3 Nd4 12. Qd1 Nh7 13. Nd5 Bg5 14. Ne3 c6 15. c3
Bxe3 16. Bxe3 Ne6 17. Qb3 Qd7 18. d4 exd4 19. cxd4 Nf6 20. e5 d5 21. exf6 dxc4
22. Qxc4 Rfd8 23. fxg7 Qd5 24. Qb4 Kxg7 25. Qxb7 Rdb8 26. Qe7 Rxb2 27. Bxh6+
Kxh6 28. Qf6+ Kh7 29. Re5 Rxf2 30. Qh4+ 1-0

[Event "Ct. Girona indiv. Absolut"]
[Site "Girona"]
[Date "2013.11.24"]
[Round "8"]
[White "Mas Recorda, P."]
[Black "Bigas Hospital, J."]
[Result "0-1"]
[WhiteElo "2032"]
[BlackElo "1843"]
[PlyCount "40"]
[EventDate "2013.??.??"]
[EventType "swiss"]
[EventRounds "9"]

1. d4 Nf6 2. c4 e6 3. Nc3 c5 4. d5 d6 5. e4 Be7 6. f4 O-O 7. Nf3 a6 8. a4 exd5
9. Nxd5 Bg4 10. Be2 Nbd7 11. h3 Bxf3 12. Bxf3 Ne8 13. O-O f5 14. exf5 Rxf5 15.
Bg4 Rf8 16. Be6+ Kh8 17. Be3 Nc7 18. Qd3 Rb8 19. Rae1 b5 20. axb5 axb5 0-1

[Event "Ct. Girona indiv. Absolut"]
[Site "Girona"]
[Date "2013.11.24"]
[Round "8"]
[White "Muratet Casadevall, E."]
[Black "Sosa Borges, E."]
[Result "1-0"]
[WhiteElo "1881"]
[BlackElo "1694"]
[PlyCount "135"]
[EventDate "2013.??.??"]
[EventType "swiss"]
[EventRounds "9"]

1. d4 d5 2. Bf4 e6 3. Nf3 Bd6 4. Ne5 Ne7 5. e3 Ng6 6. Bg3 Nd7 7. Nxg6 hxg6 8.
Bxd6 cxd6 9. Nc3 a6 10. Be2 b5 11. b4 Nb6 12. a4 bxa4 13. Nxa4 Bd7 14. Nb2 Bb5
15. O-O Nc4 16. Nxc4 dxc4 17. d5 e5 18. h3 O-O 19. Ra3 Qb6 20. Qd2 Rfc8 21. c3
Rc7 22. Rfa1 Rca7 23. Qa2 Qc7 24. Ra5 Kh7 25. Bd1 Rb8 26. Ba4 Qd7 27. Bxb5 Rxb5
28. Qxc4 Rc7 29. Qd3 Rxa5 30. Rxa5 Qc8 31. Ra3 Rc4 32. e4 g5 33. f3 g6 34. Kf2
f5 35. g3 fxe4 36. fxe4 Rc7 37. Kg2 Rc4 38. Qf3 Rc7 39. Qg4 Qb7 40. Qxg5 Qb5
41. Qe3 Rf7 42. Ra1 Qc4 43. Rd1 Kg7 44. Qd3 Qa2+ 45. Rd2 Qa1 46. Rf2 Rc7 47.
Qf3 Qb1 48. h4 Qc1 49. g4 Qf4 50. Qxf4 exf4 51. Rc2 Kf6 52. Kf3 Ke5 53. g5 Rc4
54. h5 gxh5 55. g6 Kf6 56. Rg2 Rxc3+ 57. Kxf4 Kg7 58. Kf5 Rc4 59. Ra2 Rc1 60.
Rxa6 Rf1+ 61. Ke6 Rf6+ 62. Kd7 h4 63. Ra3 Rxg6 64. Rh3 Rg4 65. b5 Rxe4 66. Kxd6
Kf7 67. b6 Rb4 68. Kc5 1-0

[Event "Ct. Girona indiv. Absolut"]
[Site "Girona"]
[Date "2013.11.24"]
[Round "8"]
[White "Radionov, V."]
[Black "Vidal Palou, J."]
[Result "1/2-1/2"]
[WhiteElo "1927"]
[BlackElo "1699"]
[PlyCount "84"]
[EventDate "2013.??.??"]
[EventType "swiss"]
[EventRounds "9"]

1. e4 c5 2. Nf3 Nc6 3. Bc4 e6 4. d4 cxd4 5. Nxd4 Nf6 6. Nxc6 bxc6 7. Bd3 a5 8.
O-O Ba6 9. Be3 Bxd3 10. cxd3 d5 11. e5 Nd7 12. Qa4 Nxe5 13. d4 Nd7 14. Qxc6 Rc8
15. Qa6 Be7 16. Nd2 O-O 17. Rfc1 Ra8 18. Qd3 Nf6 19. h3 Bd6 20. Bg5 h6 21. Bh4
g5 22. Bg3 Bxg3 23. Qxg3 Nh5 24. Qf3 Ng7 25. Rc6 Qb8 26. Qc3 Nf5 27. f4 Ng3 28.
Re1 Qxf4 29. Re3 Ne4 30. Nxe4 dxe4 31. g3 Qb8 32. Rxe4 Qb7 33. Re5 Rfd8 34.
Rec5 Qd7 35. d5 Qe7 36. Qe5 Qf8 37. d6 Qg7 38. Qxg7+ Kxg7 39. b3 Rd7 40. Kg2 f6
41. h4 Kf7 42. Rc7 Ke8 1/2-1/2

[Event "Ct. Girona indiv. Absolut"]
[Site "Girona"]
[Date "2013.11.24"]
[Round "8"]
[White "Ramirez Garcia, L."]
[Black "Sanchez Luque, J."]
[Result "0-1"]
[WhiteElo "1776"]
[BlackElo "1895"]
[PlyCount "46"]
[EventDate "2013.??.??"]
[EventType "swiss"]
[EventRounds "9"]

1. e4 e5 2. Nf3 Nc6 3. Bb5 a6 4. Ba4 Nf6 5. O-O b5 6. Bb3 Be7 7. Re1 O-O 8. c3
d5 9. exd5 Nxd5 10. Nxe5 Nxe5 11. Rxe5 Nf6 12. d4 Bd6 13. Re1 Ng4 14. g3 Nxh2
15. Kxh2 Qh4+ 16. Kg1 Bxg3 17. fxg3 Qxg3+ 18. Kh1 Bg4 19. Qxg4 Qxg4 20. Bd2 a5
21. Na3 Ra6 22. Bd1 Qh3+ 23. Kg1 Rg6+ 0-1

[Event "Ct. Girona indiv. Absolut"]
[Site "Girona"]
[Date "2013.11.24"]
[Round "8"]
[White "Salagran Ferragut, G."]
[Black "Diaz Muñoz, S."]
[Result "1-0"]
[WhiteElo "1995"]
[BlackElo "2038"]
[PlyCount "73"]
[EventDate "2013.??.??"]
[EventType "swiss"]
[EventRounds "9"]

1. e4 c5 2. Nf3 e6 3. d4 cxd4 4. Nxd4 Nc6 5. Nc3 Qc7 6. Be2 a6 7. O-O Nf6 8.
Be3 Be7 9. f4 d6 10. a4 Bd7 11. Nb3 b6 12. Kh1 Bc8 13. Bf3 Bb7 14. Qe1 O-O 15.
g4 Nb4 16. Rc1 d5 17. e5 Nxg4 18. Bd4 Nh6 19. Qf2 Bd8 20. Rg1 Nf5 21. Bg4 Nc6
22. Bxf5 exf5 23. Rg2 Nxd4 24. Nxd4 Qd7 25. Nce2 Kh8 26. Ng3 g6 27. Ngxf5 gxf5
28. Qg3 Bf6 29. Rcg1 Qd8 30. Qh3 Bh4 31. Qxf5 Bc8 32. Qh5 Bf5 33. Nxf5 d4 34.
Qh6 Rg8 35. Rxg8+ Qxg8 36. Rxg8+ Rxg8 37. Qxh4 1-0

[Event "Ct. Girona indiv. Absolut"]
[Site "Girona"]
[Date "2013.11.24"]
[Round "8"]
[White "Serra Canals, O."]
[Black "Cano Egea, G."]
[Result "1/2-1/2"]
[WhiteElo "1877"]
[BlackElo "1935"]
[PlyCount "71"]
[EventDate "2013.??.??"]
[EventType "swiss"]
[EventRounds "9"]

1. d4 d5 2. c4 e6 3. Nf3 Nf6 4. Nc3 Be7 5. Bg5 O-O 6. e3 b6 7. cxd5 exd5 8. Rc1
Be6 9. Be2 c5 10. Ne5 Ne4 11. Bxe7 Qxe7 12. Bf3 Nxc3 13. bxc3 Nd7 14. Nxd7 Qxd7
15. dxc5 bxc5 16. c4 Rad8 17. cxd5 Bxd5 18. Qxd5 Qxd5 19. Bxd5 Rxd5 20. Ke2 Rb8
21. Rb1 Rb6 22. Rhd1 Rxd1 23. Rxd1 Kf8 24. Kd3 Ke7 25. Kc3 Ra6 26. Rd2 Ra4 27.
Kb3 Rb4+ 28. Ka3 Ke6 29. h3 h6 30. g3 g6 31. Rd3 f5 32. Rb3 Rc4 33. Kb2 Ra4 34.
f3 h5 35. Rd3 h4 36. g4 1/2-1/2

[Event "Ct. Girona indiv. Absolut"]
[Site "Girona"]
[Date "2013.11.24"]
[Round "8"]
[White "Vidal Zamora, A."]
[Black "Dorca Dilme, R."]
[Result "1-0"]
[WhiteElo "2182"]
[BlackElo "2196"]
[PlyCount "89"]
[EventDate "2013.??.??"]
[EventType "swiss"]
[EventRounds "9"]

1. e4 e6 2. d4 b6 3. Nf3 Bb7 4. Bd3 d6 5. O-O Nd7 6. b3 g6 7. Bg5 Ne7 8. Qd2 h6
9. Be3 Bg7 10. Qe2 c5 11. c3 O-O 12. Nbd2 Qc7 13. Rac1 Nf6 14. Bf4 Nh5 15. Bg3
Nxg3 16. hxg3 d5 17. e5 Rac8 18. Rfe1 Rfd8 19. g4 Nc6 20. Bb5 Nb8 21. a4 Qe7
22. Nb1 c4 23. bxc4 a6 24. cxd5 axb5 25. d6 Qe8 26. axb5 Nd7 27. Nfd2 Ra8 28.
c4 Ra2 29. f4 Rc8 30. Qe3 Qd8 31. g5 hxg5 32. fxg5 Rca8 33. Qf4 Rb2 34. Rf1 Qe8
35. Rf2 Raa2 36. Nc3 Ra3 37. Nde4 Rxf2 38. Qxf2 Qa8 39. Rf1 Bxe4 40. Qxf7+ Kh8
41. Rf4 Nf8 42. Nxe4 Nh7 43. d7 Bf8 44. Rh4 Ra1+ 45. Kh2 1-0

[Event "Ct. Girona indiv. Absolut"]
[Site "Girona"]
[Date "2013.12.01"]
[Round "9"]
[White "Badosa Romanyo, A."]
[Black "Gonzalez Escudero, J."]
[Result "0-1"]
[WhiteElo "1818"]
[BlackElo "1780"]
[PlyCount "56"]
[EventDate "2013.??.??"]
[EventType "swiss"]
[EventRounds "9"]

1. d4 Nf6 2. Nf3 c5 3. c4 cxd4 4. Nxd4 e5 5. Nb3 d5 6. e3 Bb4+ 7. Bd2 Be7 8.
cxd5 O-O 9. Nc3 Nxd5 10. Nxd5 Qxd5 11. Bc3 Qe6 12. Qh5 Nc6 13. Bd3 e4 14. Bb1
Rd8 15. O-O b6 16. Nd4 Nxd4 17. Bxd4 Ba6 18. Rc1 Rac8 19. Bc2 Bc4 20. b3 Ba6
21. Qe5 Qxe5 22. Bxe5 Ba3 23. Rd1 Re8 24. Bxe4 Rxe5 25. Bf3 Rec5 26. h3 Rc1 27.
Kh1 Rxa1 28. Rxa1 Rc1+ 0-1

[Event "Ct. Girona indiv. Absolut"]
[Site "Girona"]
[Date "2013.12.01"]
[Round "9"]
[White "Cano Egea, G."]
[Black "De Azua Arpi, R."]
[Result "1-0"]
[WhiteElo "1935"]
[BlackElo "1923"]
[PlyCount "78"]
[EventDate "2013.??.??"]
[EventType "swiss"]
[EventRounds "9"]

1. e4 d6 2. d4 Nf6 3. Nc3 g6 4. Bg5 Bg7 5. Qd2 h6 6. Bf4 c6 7. f3 Nbd7 8. Nge2
e5 9. dxe5 dxe5 10. Be3 Qa5 11. Nc1 b5 12. Nb3 Qb4 13. Rd1 Bb7 14. a3 Qe7 15.
Na5 Nb6 16. Qf2 Qc7 17. Bxb5 O-O 18. Nxb7 cxb5 19. Nd6 Rfd8 20. Ncxb5 Qc6 21.
O-O Rd7 22. Rd3 Na4 23. b3 a6 24. bxa4 axb5 25. axb5 Qc7 26. b6 Qc6 27. b7 Rb8
28. Ba7 Rbxb7 29. Nxb7 Rxb7 30. Qc5 Qa6 31. Qc8+ Kh7 32. Be3 Qb5 33. Rb3 Qxb3
34. cxb3 Rxb3 35. Bc5 Rc3 36. a4 Nh5 37. g3 Bf6 38. Qf8 Bg5 39. Qxf7+ Kh8 1-0